000 00362nam a2200121Ia 4500
008 220615s9999||||xx |||||||||||||| ||und||
245 0 _aElectrolysis
546 _aEnglish[eng]
650 _aPhysical chemistry
700 _aLinkov, Vladimir||Kleperis, Janis
856 _uhttps://mts.intechopen.com/storage/books/2791/authors_book/authors_book.pdf
942 _cEB
999 _c11897
_d11897